Statistics for Top 10 Countries With Highest Rate of Employed Persons

Click here to take the quiz!

General Stats

  • This quiz has been taken 63 times
  • The average score is 9 of 10

Answer Stats

%Country% Correct
872.7United Kingdom
93%
673.5Sweden
92%
1071.2United States
92%
475.6Norway
90%
972.6Canada
89%
188.2Iceland
87%
376.0Denmark
85%
772.7Netherlands
80%
573.5New Zealand
75%
277.4Switzerland
74%

Score Distribution

Percentile by Number Answered

Percent of People with Each Score

Your Score History

You have not taken this quiz